000
00286nam a2200121Ia 4500
008
190216s9999||||xx |||||||||||||| ||und||
100
_a
Railkar J S
245
0
_a
Macro Development Economics
260
_b
Sulthan Chand&Sons
_c
1977
300
_a
291p
650
_a
Economics
942
_c
BK
999
_c
9334
_d
9334